000 00643nam a2200265Ia 4500
005 20260121165008.0
008 008 260114s9999 xx 000 0 eng d
020 _a9781137484031
037 _aEBOOK
040 _aCRL
040 _beng
040 _cCRL
041 _2eng
041 _aeng
084 _qCRL
100 _aSiân Adiseshiah, Louise LePage
_91046237
245 0 _aTwenty-First Century Drama
260 _bSpringer
260 _bSpringer
260 _c2016
856 _uhttps://link.springer.com/openurl?genre=book&isbn=978-1-137-48403-1
942 _cEBOOK
999 _c1611961
_d1611961